2025 NCAA Women's Tournament Teams - Statistics

General Stats
  • This quiz has been taken 118 times
  • The average score is 39 of 68
Answer Stats
Seed School % Correct
1 UCLA
97%
3 LSU
95%
1 Texas
95%
1 South Carolina
92%
1 USC
92%
6 Iowa
89%
5 Alabama
87%
4 Ohio St
87%
2 UConn
87%
6 Michigan
85%
5 Tennessee
84%
2 Duke
82%
4 Maryland
82%
6 Florida St
81%
4 Kentucky
81%
3 Oklahoma
81%
11 Iowa St
80%
7 Michigan St
80%
10 Oregon
80%
11 Washington
80%
4 Baylor
76%
9 Indiana
76%
2 TCU
75%
5 Kansas St
73%
9 Mississippi St
72%
7 Oklahoma St
72%
8 Utah
68%
9 Georgia Tech
67%
2 NC State
67%
10 Nebraska
67%
3 Notre Dame
67%
7 Vanderbilt
67%
8 Illinois
66%
7 Louisville
63%
3 North Carolina
63%
10 Harvard
62%
14 Oregon St
62%
5 Ole Miss
57%
6 West Virginia
57%
10 South Dakota St
49%
8 California
47%
11 Princeton
47%
9 Creighton
44%
14 San Diego St
44%
15 Vermont
43%
16 Southern
42%
11 Columbia
39%
13 Montana St
38%
15 Arkansas St
34%
13 Grand Canyon
30%
8 Richmond
30%
12 Ball St
29%
13 Liberty
29%
13 Norfolk St
25%
16 Tennessee Tech
25%
16 William & Mary
25%
14 FGCU
24%
12 South Florida
24%
16 UC San Diego
23%
11 George Mason
22%
15 Lehigh
20%
12 Green Bay
19%
11 Murray St
19%
16 UNC Greensboro
19%
12 Fairfield
16%
15 FDU
16%
16 High Point
16%
14 SFA`
16%
No matching quizzes found
Score Distribution
Percent of People with Each Score
Percentile by Number Answered
Your Score History
You have not taken this quiz